000 00405nam a2200133Ia 4500
008 231129s2017||||xx |||||||||||||| ||spa||
020 _a978-958-785-057-4
040 _bspa
082 _a(i) 398.2 I59t
245 0 _aEl tesoro de Quilcacé
260 _c2017
264 _aBogotá Colombia : Ministerio de Educación Nacional : Ministerio de Cultura
942 _2ddc
_cBKS
999 _c12540
_d12540